000 00450nam a2200181Ia 4500
001 20007
005 20260306172734.0
008 260306t2004||||xx |||||||||||||| ||spa||
041 _aESP
082 _a342.21
_bR39
100 _aRemotti Carbonell, José Carlos
_eAUT
245 0 _aLa corte interamericana de derechos humanos
260 _c2004
300 _a469 páginas :
_ccm.
650 _aGEN
654 _aCDE
942 _cLIB
_dJUS
_fJUS
_2ddc
_n
999 _c20007
_d20007